000 00492nam a2200169Ia 4500
999 _c14798
_d14798
003 OSt
005 20260305114705.0
008 201109b ||||| |||| 00| 0 eng d
020 _a9788130909608
040 _coclc
082 _a823
_bNAI/B
100 1 _aVāsudēvan Nāyar, Eṃ. Ti.,
_d1933-
_99426
245 _aBear With Me Mother /
_cM T Vasudevan Nair
260 _aNew Delhi:
_bViva Books,
_c2011.
300 _a342p
942 _2ddc
_cBK
_h823
_iNAI/B
_k823
_mNAI/B